[Event "OBEM 2015"]
[Site "Germany , Bremen"]
[Date "2015.03.28"]
[Round "1.11"]
[White "Heldt, Nils-Lennart"]
[Black "Pautz, Peter"]
[Result "1-0"]
[WhiteElo "1708"]
[BlackElo "2082"]
[PlyCount "97"]

1. d4 Nf6 2. c4 e6 3. Nc3 Bb4 4. Qc2 O-O 5. a3 Bxc3+ 6. Qxc3 b6 7. Nf3 Bb7 8.
Bg5 d6 9. e3 Nbd7 10. Be2 Re8 11. Qc2 c5 12. O-O Qc7 13. Bxf6 Nxf6 14. Nd2 cxd4
15. exd4 Rac8 16. Rac1 e5 17. dxe5 dxe5 18. Rfe1 e4 19. Nf1 Qf4 20. Qb3 Rc5 21.
Qe3 Qh4 22. b4 Rce5 23. Qg3 Qh6 24. Qe3 Qg6 25. Rc3 h5 26. h4 Ng4 27. Bxg4 Qxg4
28. Qg3 Qd7 29. Re2 R5e6 30. Qg5 Re5 31. Qg3 Qe7 32. Rce3 f5 33. Qf4 Qf7 34.
Rc2 Qe7 35. Ng3 g6 36. Nf1 Kg7 37. Rg3 a5 38. Ne3 Qf6 39. Rd2 Kf7 40. c5 axb4
41. axb4 b5 42. Rd6 R5e6 43. Nd5 Bxd5 44. Rxd5 R8e7 45. Rd8 Ra7 46. Qb8 Qe7 47.
Rh8 Ra1+ 48. Kh2 Qxh4+ 49. Rh3 1-0

[Event "OBEM 2015"]
[Site "Germany , Bremen"]
[Date "2015.03.28"]
[Round "1.25"]
[White "Buhrdorf, Axel"]
[Black "Ernst, Herwarth"]
[Result "1-0"]
[WhiteElo "1813"]
[BlackElo "1950"]
[PlyCount "89"]

1. e4 c5 2. Nf3 d6 3. d4 cxd4 4. Nxd4 Nf6 5. Nc3 g6 6. Be2 Bg7 7. Be3 O-O 8.
Qd2 Nc6 9. h4 h5 10. f3 d5 11. Nxc6 bxc6 12. exd5 cxd5 13. O-O-O Bb7 14. Bd4
Qd6 15. g4 e5 16. Nb5 Qe7 17. Bc3 Rfd8 18. Bb4 Qd7 19. g5 Ne8 20. Rhf1 Bc6 21.
Nc3 Rab8 22. a3 Qb7 23. b3 Nc7 24. f4 exf4 25. Qxf4 Ne6 26. Qf2 d4 27. Na2 Rd7
28. Bc4 Bd5 29. Bxd5 Rxd5 30. Rd3 a5 31. Bd2 Rf5 32. Rf3 Rxf3 33. Qxf3 Qc7 34.
Kb1 a4 35. Nb4 axb3 36. cxb3 Rb7 37. Nd5 Qb8 38. Ka2 Qh2 39. Qf2 Qxf2 40. Rxf2
Nc5 41. b4 Ne4 42. Re2 Nxd2 43. Rxd2 Be5 44. Re2 Bg3 45. Nf6+ 1-0

[Event "OBEM 2015"]
[Site "Germany , Bremen"]
[Date "2015.03.28"]
[Round "1.36"]
[White "Dietrich, Igor"]
[Black "Weinitschke, Harald"]
[Result "1-0"]
[WhiteElo "1880"]
[BlackElo "1341"]
[PlyCount "105"]

1. e4 c5 2. d4 cxd4 3. c3 g6 4. Bc4 e6 5. Nf3 Bg7 6. O-O d5 7. exd5 exd5 8.
Re1+ Be6 9. Bb5+ Nc6 10. Nxd4 Qd7 11. Bg5 Nf6 12. Nd2 O-O 13. N2f3 Ne4 14. Bf4
a6 15. Bxc6 bxc6 16. Ng5 Nxg5 17. Bxg5 Rfe8 18. Qd2 c5 19. Nf3 Bg4 20. Rxe8+
Rxe8 21. Ne1 Re2 22. Qc1 d4 23. f3 Bf5 24. g4 d3 25. gxf5 d2 26. Bxd2 Qxf5 27.
Bh6 Qh3 28. Bf4 Bh6 29. Qd1 Rxe1+ 30. Qxe1 Bxf4 31. Qe2 Qh5 32. Rd1 Qg5+ 33.
Kh1 Qh5 34. Qg2 Kg7 35. Re1 Qd5 36. a3 c4 37. Qe2 h5 38. Qe4 Qd2 39. Re2 Qc1+
40. Kg2 Qd1 41. Qd4+ Qxd4 42. cxd4 Kf6 43. Rc2 Ke6 44. Rxc4 Kd5 45. Ra4 Bc1 46.
b4 Bb2 47. Rxa6 Bxd4 48. b5 Kc5 49. a4 Be5 50. Rc6+ Kb4 51. b6 Kxa4 52. b7 Ka5
53. Rc8 1-0

[Event "OBEM 2015"]
[Site "Germany , Bremen"]
[Date "2015.03.28"]
[Round "1.7"]
[White "Balazs, Kata"]
[Black "Lai Hop, Duong"]
[Result "0-1"]
[WhiteElo "1747"]
[BlackElo "2142"]
[PlyCount "68"]

1. d4 d5 2. c4 c6 3. Nc3 Nf6 4. Nf3 dxc4 5. e4 b5 6. a4 b4 7. Na2 Nxe4 8. Nxb4
e6 9. Nc2 Ba6 10. Ne5 Qd5 11. f3 Nf6 12. Ne3 Bb4+ 13. Kf2 Qd8 14. Bxc4 Bxc4 15.
N3xc4 Nd5 16. Be3 O-O 17. Qe2 Qe7 18. Rac1 c5 19. Rhd1 Nxe3 20. Nxe3 f6 21.
N5c4 cxd4 22. Rxd4 Nc6 23. Rdd1 Bc5 24. Kf1 Nd4 25. Qe1 Nb3 26. Rc2 Rfd8 27.
Qc3 Nd4 28. Rcd2 Bb4 29. Qc1 Bxd2 30. Nxd2 Rac8 31. Qb1 Qc7 32. Kg1 Qc5 33. Ne4
Qb6 34. b4 Nf5 0-1

[Event "OBEM 2015"]
[Site "Germany , Bremen"]
[Date "2015.03.28"]
[Round "1.15"]
[White "Kollars, Michael"]
[Black "Haerig, Wilfried"]
[Result "0-1"]
[WhiteElo "1632"]
[BlackElo "2045"]
[PlyCount "72"]

1. e4 c5 2. Nc3 g6 3. g3 Bg7 4. Bg2 Nc6 5. d3 Nf6 6. Nge2 O-O 7. h3 a6 8. Be3
d6 9. Qd2 e5 10. Bh6 b5 11. Bxg7 Kxg7 12. a3 Be6 13. f4 Ng8 14. O-O f6 15. f5
Bf7 16. g4 Nd4 17. Nxd4 cxd4 18. Ne2 Rc8 19. h4 d5 20. Ng3 dxe4 21. Bxe4 Bd5
22. Qg2 Ne7 23. fxg6 hxg6 24. h5 Bxe4 25. dxe4 g5 26. Rf2 Rc6 27. Raf1 Kh6 28.
Qf3 Qc8 29. Qd3 {(=)} Qxg4 30. Rg2 Qe6 31. Nf5+ Nxf5 32. exf5 Qa2 33. Qf3 Rfc8
34. c3 dxc3 35. bxc3 Qxa3 36. Qd5 Qc5+ 0-1

[Event "OBEM 2015"]
[Site "Germany , Bremen"]
[Date "2015.03.28"]
[Round "1.32"]
[White "Kuenitz, Bernhard"]
[Black "Rose, Helmut"]
[Result "1-0"]
[WhiteElo "1900"]
[BlackElo "1400"]
[PlyCount "109"]

1. c4 Nf6 2. Nc3 e5 3. d3 Bc5 4. g3 O-O 5. Bg2 d6 6. Nf3 Nc6 7. O-O Ne7 8. a3
c6 9. b4 Bb6 10. Bg5 Nd7 11. Rc1 f6 12. Bd2 d5 13. cxd5 cxd5 14. Qb3 Nb8 15.
Ne1 Be6 16. Na4 Nbc6 17. Nc5 Bxc5 18. bxc5 Nd4 19. Qd1 Rc8 20. e3 Ndc6 21. Qa4
Bd7 22. Qb3 Be6 23. Nc2 Qd7 24. d4 Nf5 25. Qb2 b6 26. Bb4 bxc5 27. Bxc5 Rb8 28.
Qa2 Rfc8 29. Rb1 Na5 30. Rxb8 Rxb8 31. Rb1 Rc8 32. Qb2 Nc4 33. Qb7 Rc7 34. Qb5
Qxb5 35. Rxb5 exd4 36. exd4 a6 37. Rb8+ Kf7 38. Nb4 Rd7 39. Nxa6 Na5 40. Nb4
Nb3 41. Nc6 Nxc5 42. dxc5 Rc7 43. Nd8+ Ke7 44. Nxe6 Kxe6 45. Rb5 Ke5 46. a4 Nd4
47. f4+ Kf5 48. Rb4 Nc2 49. Bh3+ Kg6 50. Rb5 d4 51. Bf1 Ne3 52. Bd3+ Kf7 53. a5
Ke7 54. a6 Ra7 55. Rb7+ 1-0

[Event "OBEM 2015"]
[Site "Germany , Bremen"]
[Date "2015.03.28"]
[Round "1.5"]
[White "Goes, Carsten"]
[Black "Steingraeber, Kai Uwe"]
[Result "0-1"]
[WhiteElo "1761"]
[BlackElo "2203"]
[PlyCount "66"]

1. e4 c5 2. d4 cxd4 3. c3 dxc3 4. Nxc3 e6 5. Nf3 Nc6 6. Bc4 a6 7. O-O b5 8. Bb3
Qc7 9. Qe2 Bc5 10. Rd1 Nf6 11. h3 O-O 12. e5 Ne8 13. Bc2 f6 14. exf6 Nxf6 15.
Ne4 Nxe4 16. Qxe4 g6 17. Bh6 Rf7 18. Rac1 Bb7 19. Qg4 Ne7 20. b4 Bxf3 21. gxf3
Bb6 22. Bxg6 Nxg6 23. Rxc7 Bxc7 24. Rc1 Bf4 25. Bxf4 Rxf4 26. Qg3 {(=)} Raf8
27. Kg2 Rxf3 28. Qg4 Rxf2+ 29. Kg1 Rxa2 30. h4 Rf4 31. Qd1 Ne5 32. Qd6 Nf3+ 33.
Kf1 Nd2+ 0-1

[Event "OBEM 2015"]
[Site "Germany , Bremen"]
[Date "2015.03.28"]
[Round "1.28"]
[White "Wessels, Stefan"]
[Black "Petrov, Iouri"]
[Result "0-1"]
[WhiteElo "1938"]
[BlackElo "1585"]
[PlyCount "80"]

1. e4 e6 2. d4 d5 3. Nd2 Nf6 4. e5 Nfd7 5. g3 c5 6. c3 Nc6 7. Ne2 Qb6 8. Nf3
cxd4 9. cxd4 Bb4+ 10. Bd2 O-O 11. Bh3 Qa6 12. O-O Nb6 13. Nf4 Nc4 14. Bc3 Bxc3
15. bxc3 Rb8 16. Qd3 Ne7 17. Ng5 Ng6 18. Bg2 Bd7 19. Rfb1 Bb5 20. Nxg6 hxg6 21.
Qd1 Na3 22. Rxb5 Nxb5 23. Qg4 Nxc3 24. Qh4 Rfc8 25. Qh7+ Kf8 26. Qh8+ Ke7 27.
Qxg7 Rf8 28. Bf1 Qc6 29. Kg2 Ne4 30. Rb1 Qc2 31. Bb5 Qxf2+ 32. Kh1 Nxg5 33. Rf1
Rg8 34. Qh6 Qe3 35. Rf4 Qc1+ 36. Rf1 Qd2 37. Rf4 Qe1+ 38. Kg2 Ne4 39. Qh7 Qd2+
40. Kf1 Qxf4+ 0-1

[Event "OBEM 2015"]
[Site "Germany , Bremen"]
[Date "2015.03.28"]
[Round "1.17"]
[White "Burblies, Andreas"]
[Black "Bokelmann, Joachim"]
[Result "0-1"]
[WhiteElo "1604"]
[BlackElo "2022"]
[PlyCount "82"]

1. d4 d5 2. c4 e6 3. Nc3 a6 4. cxd5 exd5 5. a4 c6 6. Nf3 Bd6 7. e3 Bf5 8. Bd3
Bxd3 9. Qxd3 Nf6 10. O-O O-O 11. Bd2 Nbd7 12. Rfe1 Re8 13. e4 dxe4 14. Nxe4
Nxe4 15. Rxe4 Rxe4 16. Qxe4 Nf6 17. Qf5 Qd7 18. Qxd7 Nxd7 19. Re1 Nb6 20. a5
Nd5 21. g3 Rd8 22. Bg5 f6 23. Bd2 Kf7 24. g4 Re8 25. Rxe8 Kxe8 26. h4 Kf7 27.
g5 Ke6 28. h5 Kf5 29. h6 gxh6 30. gxf6 Nxf6 31. Nh4+ Kg4 32. Ng2 h5 33. Ne3+
Kf3 34. Nf5 Bc7 35. b4 Nd5 36. Ne3 Nxe3 37. fxe3 h4 38. Be1 h3 39. Bd2 h2+ 40.
Kh1 Bd6 41. Bc3 Kxe3 0-1

[Event "OBEM 2015"]
[Site "Germany , Bremen"]
[Date "2015.03.28"]
[Round "1.9"]
[White "Sommer, Andreas"]
[Black "Peters, Frank"]
[Result "0-1"]
[WhiteElo "1723"]
[BlackElo "2109"]
[PlyCount "50"]

1. d4 g6 2. c4 Bg7 3. Nc3 d6 4. e4 e5 5. d5 a5 6. Be2 Nd7 7. h4 h5 8. Be3 Nc5
9. f3 b6 10. Na4 Nxa4 11. Qxa4+ Bd7 12. Qc2 Nh6 13. Bd3 Qe7 14. Ne2 O-O 15. Qd2
Kh7 16. O-O-O f5 17. Bg5 Qe8 18. f4 fxe4 19. Bxe4 Bg4 20. Rde1 Nf5 21. Bf3 Bxf3
22. gxf3 e4 23. fxe4 Qxe4 24. Qc2 Rae8 25. Kd1 Ne3+ 0-1

[Event "OBEM 2015"]
[Site "Germany , Bremen"]
[Date "2015.03.28"]
[Round "1.21"]
[White "Laubrock, Sophia"]
[Black "Meyer, Irmin"]
[Result "0-1"]
[WhiteElo "1492"]
[BlackElo "1997"]
[PlyCount "80"]

1. d4 Nf6 2. c4 e6 3. Nc3 Bb4 4. Bg5 c5 5. d5 exd5 6. cxd5 d6 7. Nf3 Nbd7 8. a3
Bxc3+ 9. bxc3 O-O 10. e3 Qa5 11. Qd2 Ne4 12. Qc2 Qxc3+ 13. Qxc3 Nxc3 14. Bc4
Nb6 15. Rc1 Ncxd5 16. Bxd5 Nxd5 17. O-O f6 18. Bh4 Be6 19. Bg3 Rfd8 20. Rfd1
Rd7 21. e4 Ne7 22. Rxd6 Rad8 23. Rxd7 Rxd7 24. Kf1 b6 25. Ke1 Rd3 26. a4 Nc6
27. Ra1 Kf7 28. Ke2 Rd7 29. Nd2 Nd4+ 30. Kd1 Bb3+ 31. Kc1 Ne2+ 32. Kb2 Rxd2+
33. Kxb3 Nxg3 34. fxg3 Rxg2 35. Rd1 Ke7 36. Kc4 Rxh2 37. Kb5 Re2 38. Ka6 Rxe4
39. Ra1 Kd6 40. Kxa7 Kc6 0-1

[Event "OBEM 2015"]
[Site "Germany , Bremen"]
[Date "2015.03.28"]
[Round "1.24"]
[White "Jung, Gerald"]
[Black "Volk, Robin"]
[Result "1-0"]
[WhiteElo "1953"]
[BlackElo "1285"]
[PlyCount "65"]

1. e4 c5 2. Nf3 Nc6 3. d4 cxd4 4. Nxd4 e6 5. Nc3 Bb4 6. Ndb5 Nf6 7. a3 Bxc3+ 8.
Nxc3 O-O 9. Be2 b6 10. Bg5 h6 11. Bh4 Ne5 12. Bg3 Ng6 13. Bd6 Re8 14. e5 Nh7
15. Bf3 Ba6 16. b4 Rc8 17. Qd2 b5 18. a4 Ng5 19. axb5 Nxf3+ 20. gxf3 Bb7 21.
Rg1 Bxf3 22. Rg3 Ba8 23. Ke2 Qh4 24. Rag1 Qxh2 25. Kf1 h5 26. Qd3 h4 27. Rg4 h3
28. R1g3 Bg2+ 29. Ke2 Qh1 30. Kd2 h2 31. Rxg6 fxg6 32. Qxg6 Qf1 33. Qxg7# 1-0

[Event "OBEM 2015"]
[Site "Germany , Bremen"]
[Date "2015.03.28"]
[Round "1.8"]
[White "Bertram, Karsten"]
[Black "Schwenke, Stefan"]
[Result "1-0"]
[WhiteElo "2133"]
[BlackElo "1742"]
[PlyCount "71"]

1. e4 e6 2. d4 d5 3. exd5 exd5 4. Bd3 Bd6 5. Nc3 Qe7+ 6. Nge2 Be6 7. Nb5 Bb4+
8. c3 Ba5 9. Bf4 Nc6 10. b4 Bb6 11. a4 a5 12. bxa5 Rxa5 13. O-O Nf6 14. Bg5 Bg4
15. Re1 O-O 16. f3 Be6 17. Nf4 Rxb5 18. Bxb5 Qd6 19. Bxc6 bxc6 20. a5 Ba7 21.
Bxf6 gxf6 22. Nh5 Bf5 23. Qd2 Bg6 24. Nf4 Kg7 25. g3 c5 26. Kg2 cxd4 27. cxd4
Rd8 28. Qc3 c5 29. dxc5 Qxc5 30. Qxc5 Bxc5 31. Nxg6 fxg6 32. Rec1 Bd6 33. a6
Kf7 34. Rc6 Ke6 35. a7 Kd7 36. Rxd6+ 1-0

[Event "OBEM 2015"]
[Site "Germany , Bremen"]
[Date "2015.03.28"]
[Round "1.22"]
[White "Jantzen, Ludwig"]
[Black "Torkler, Wolfgang"]
[Result "1/2-1/2"]
[WhiteElo "1965"]
[BlackElo "1399"]
[PlyCount "37"]

1. d4 d5 2. c4 c6 3. cxd5 cxd5 4. Nc3 Nf6 5. Nf3 e6 6. Bf4 a6 7. e3 Nc6 8. Bd3
Bb4 9. Qc2 Qa5 10. O-O Bxc3 11. bxc3 b5 12. Bd6 Qd8 13. Bc5 Bb7 14. a4 bxa4 15.
Rxa4 Nd7 16. Rfa1 Nxc5 17. dxc5 Qc8 18. Qe2 O-O 19. Bxa6 1/2-1/2

[Event "OBEM 2015"]
[Site "Germany , Bremen"]
[Date "2015.03.28"]
[Round "1.27"]
[White "Stern, Philipp"]
[Black "Rau, Nikita"]
[Result "0-1"]
[WhiteElo "1620"]
[BlackElo "1939"]
[PlyCount "40"]

1. e4 c5 2. Nf3 d6 3. d4 cxd4 4. Nxd4 Nf6 5. Nc3 a6 6. Be3 e5 7. Nf3 Be7 8. Qd2
Qc7 9. O-O-O O-O 10. h3 b5 11. a3 Bb7 12. Nd5 Nxd5 13. exd5 Nd7 14. Be2 Rac8
15. c3 f5 16. Bg5 Nb6 17. Bxe7 Qxe7 18. Qc2 Rc5 19. Qb3 Kh8 20. c4 Bxd5 0-1

[Event "OBEM 2015"]
[Site "Germany , Bremen"]
[Date "2015.03.28"]
[Round "1.26"]
[White "Balazs, Balint"]
[Black "Kropp, Joachim"]
[Result "1-0"]
[WhiteElo "1940"]
[BlackElo "1751"]
[PlyCount "87"]

1. e4 c5 2. c3 Nc6 3. d4 cxd4 4. cxd4 d5 5. exd5 Qxd5 6. Be3 Nf6 7. Nc3 Qd8 8.
Bc4 e6 9. Nf3 a6 10. O-O Be7 11. Qe2 O-O 12. Rad1 b5 13. Bd3 Nb4 14. Bb1 Bb7
15. Ne5 Nbd5 16. f4 Rc8 17. Nxd5 Bxd5 18. f5 Bc4 19. Nxc4 Rxc4 20. fxe6 fxe6
21. Kh1 Qd5 22. a3 Qh5 23. Qxh5 Nxh5 24. Rxf8+ Bxf8 25. Ba2 Rc6 26. d5 Rd6 27.
Rd2 exd5 28. Rxd5 Rxd5 29. Bxd5+ Kh8 30. b4 Nf6 31. Bb7 Bd6 32. Bxa6 Nd5 33.
Bd4 Nc7 34. Bb7 Ne6 35. Bc3 Bf4 36. Bb2 Kg8 37. g3 Be3 38. Kg2 Bd4 39. Bxd4
Nxd4 40. Be4 h6 41. Kf2 Kf8 42. Ke3 Ne6 43. Bc6 Nc7 44. Kd4 1-0

[Event "OBEM 2015"]
[Site "Germany , Bremen"]
[Date "2015.03.28"]
[Round "1.35"]
[White "Seliskar, Henryk"]
[Black "Schwenteck, Peter"]
[Result "0-1"]
[WhiteElo "1343"]
[BlackElo "1888"]
[PlyCount "66"]

1. c4 e6 2. Nc3 Nf6 3. g3 d5 4. cxd5 exd5 5. Nf3 Bc5 6. e3 O-O 7. Bg2 Bg4 8. d4
Bb6 9. Bd2 Ne4 10. Qc2 Nxd2 11. Qxd2 c6 12. O-O Nd7 13. b4 Qf6 14. Ne1 Bc7 15.
a4 Nb6 16. Rc1 Nc4 17. Qa2 Qe7 18. b5 Nxe3 19. fxe3 Qxe3+ 20. Qf2 Qxc1 21. Na2
Qc4 22. Qb2 Rfe8 23. Nc3 Bb6 24. Nc2 Bxd4+ 25. Nxd4 Qxd4+ 26. Kh1 Re3 27. Nd1
Qxb2 28. Nxb2 Rae8 29. Kg1 Ra3 30. Rf2 Re1+ 31. Bf1 Bh3 32. bxc6 bxc6 33. a5
Ra2 0-1

[Event "OBEM 2015"]
[Site "Germany , Bremen"]
[Date "2015.04.03"]
[Round "8.1"]
[White "Jugelt, Tobias"]
[Black "Kardoeus, David"]
[Result "0-1"]
[WhiteElo "2416"]
[BlackElo "2108"]
[PlyCount "104"]
[EventDate "2015.??.??"]

1. d4 Nf6 2. c4 c5 3. d5 e6 4. Nc3 exd5 5. cxd5 d6 6. Nf3 g6 7. Bf4 a6 8. a4
Bg7 9. e3 O-O 10. h3 Ne8 11. Be2 Nd7 12. O-O h6 13. Nd2 Qe7 14. Nc4 Rb8 15. a5
b5 16. axb6 Nxb6 17. Na5 Qc7 18. Qd2 f5 19. Ra2 Kh7 20. Rfa1 Ra8 21. Bh2 Nf6
22. Nc4 Ne8 23. Nxb6 Qxb6 24. Na4 Qd8 25. Nc3 Nc7 26. Bc4 Rb8 27. Ra5 Rb4 28.
b3 Nb5 29. Bxb5 axb5 30. Ra7 Rxb3 31. Qc2 c4 32. Ne2 Qf6 33. Nd4 Rd3 34. Rc7 f4
35. Raa7 Rg8 36. Rf7 Qe5 37. Bxf4 Qxd5 38. Kh2 b4 39. Rfc7 Rxd4 40. exd4 Be6
41. Qd2 g5 42. Bg3 b3 43. h4 gxh4 44. Bxh4 Kg6 45. Qe3 Bxd4 46. Qg3+ Kh5 47.
Rg7 Rxg7 48. Rxg7 Bxg7 49. f4 Bg4 50. Bd8 Qf5 51. Qe3 Qxf4+ 52. Qxf4 Be5 0-1

[Event "OBEM 2015"]
[Site "Germany , Bremen"]
[Date "2015.04.03"]
[Round "8.3"]
[White "Webner, Dennis"]
[Black "Margraf, Daniel"]
[Result "0-1"]
[WhiteElo "2073"]
[BlackElo "2291"]
[PlyCount "116"]
[EventDate "2015.??.??"]

1. d4 b6 2. Nf3 g6 3. g3 Bb7 4. Bg2 Bg7 5. O-O e6 6. Nc3 d6 7. Re1 Ne7 8. Bf4
Nd7 9. Qd2 h6 10. h4 Nf6 11. e4 a6 12. a4 Nh5 13. Be3 Nf6 14. Bf4 d5 15. exd5
Nexd5 16. Ne5 Qe7 17. Ne2 c5 18. dxc5 bxc5 19. Rad1 Nxf4 20. Nxf4 Bxg2 21.
Nexg6 Qb7 22. Nxh8 Be4 23. Nxf7 Kxf7 24. Qd6 Qe7 25. Re3 Ra7 26. c3 Bf5 27. f3
h5 28. Qxe7+ Rxe7 29. Rd6 Bh6 30. Rxa6 e5 31. Ng2 Bxe3+ 32. Nxe3 Be6 33. Rb6
Ra7 34. Rb5 Nd7 35. b3 c4 36. Nxc4 Bxc4 37. bxc4 Rxa4 38. Rb4 Ra3 39. Rb7 Ke7
40. Rc7 Rxc3 41. Kf2 Kd6 42. Rc8 Nf6 43. Kg2 Rc2+ 44. Kg1 e4 45. fxe4 Nxe4 46.
c5+ Rxc5 47. Rg8 Nf6 48. Rg6 Ke6 49. Kg2 Kf7 50. Rg5 Rxg5 51. hxg5 Ng4 52. Kf3
Kg6 53. Kf4 Nh2 54. Ke3 Kxg5 55. Kf2 Kg4 56. Kg2 Nf3 57. Kf2 Ng5 58. Kg2 Ne4
0-1

[Event "OBEM 2015"]
[Site "Germany , Bremen"]
[Date "2015.04.03"]
[Round "8.4"]
[White "Hundack, Rolf"]
[Black "Pautz, Peter"]
[Result "1-0"]
[WhiteElo "2246"]
[BlackElo "2082"]
[PlyCount "155"]
[EventDate "2015.??.??"]

1. d4 Nf6 2. Nf3 b6 3. Nc3 Bb7 4. Bg5 Ne4 5. Nxe4 Bxe4 6. e3 h6 7. Bh4 Qc8 8.
Bc4 d5 9. Bd3 Bxd3 10. cxd3 g5 11. Bg3 Bg7 12. h4 g4 13. Ne5 Bxe5 14. Bxe5 f6
15. Bf4 h5 16. f3 Rg8 17. Qb3 Qd7 18. O-O-O Nc6 19. Kb1 Rc8 20. Rc1 e6 21. Rc3
Ne7 22. Rhc1 c6 23. Qa3 gxf3 24. gxf3 Nf5 25. Qa4 c5 26. Qd1 e5 27. dxe5 fxe5
28. Bxe5 Nxe3 29. Qd2 d4 30. Bxd4 Qxd4 31. Re1 Kd7 32. Rxe3 Rg1+ 33. Re1 Rcg8
34. Rcc1 R8g2 35. Qc3 Rxe1 36. Qxd4+ cxd4 37. Rxe1 Kd6 38. Re4 Kd5 39. f4 Rd2
40. Re5+ Kd6 41. Rxh5 Rxd3 42. Kc2 Rh3 43. b3 Rf3 44. f5 Ke5 45. Rh7 Rc3+ 46.
Kd2 Rh3 47. Rxa7 Kxf5 48. Re7 b5 49. h5 Rxh5 50. Kd3 Rh2 51. Kxd4 Rxa2 52. Kc5
b4 53. Kxb4 Kf6 54. Rb7 Ke6 55. Kb5 Kd6 56. b4 Rh2 57. Kb6 Rh6 58. b5 Kd5+ 59.
Ka5 Rh1 60. Rc7 Kd6 61. Kb6 Rb1 62. Rh7 Rb2 63. Ka6 Kc5 64. Rc7+ Kd6 65. b6
Ra2+ 66. Kb7 Rh2 67. Rg7 Ra2 68. Kb8 Rc2 69. Rg6+ Kd7 70. Rg3 Rc8+ 71. Ka7 Rc1
72. Rg7+ Kd8 73. b7 Ra1+ 74. Kb8 Rc1 75. Rg2 Kd7 76. Rd2+ Ke7 77. Ra2 Kd7 78.
Ka8 1-0

[Event "OBEM 2015"]
[Site "Germany , Bremen"]
[Date "2015.04.03"]
[Round "8.5"]
[White "Balazs, Balint"]
[Black "Issing, Peter"]
[Result "1/2-1/2"]
[WhiteElo "1940"]
[BlackElo "2208"]
[PlyCount "132"]
[EventDate "2015.??.??"]

1. e4 e6 2. d4 d5 3. Nd2 h6 4. c3 c5 5. e5 Nc6 6. Ndf3 cxd4 7. cxd4 Qb6 8. a3
a5 9. Bd3 Bd7 10. Ne2 Nge7 11. O-O Nf5 12. Bc2 Be7 13. Kh1 h5 14. Be3 Nxe3 15.
fxe3 a4 16. Nc3 Qxb2 17. Nxa4 Qb5 18. Rb1 Qa5 19. Rxb7 Nd8 20. Rxd7 Kxd7 21.
Qb1 Ke8 22. Bd3 Kf8 23. Nc5 Bxc5 24. dxc5 Qxc5 25. Ng5 Qe7 26. Nxf7 Nxf7 27.
Bg6 Kg8 28. Bxf7+ Qxf7 29. Rxf7 Kxf7 30. Qb7+ Kg6 31. h4 Rhe8 32. Qb5 Kf5 33.
Qf1+ Kg6 34. Qf4 Rxa3 35. Qg5+ Kf7 36. Qxh5+ Kf8 37. Qg5 Ra7 38. Qg6 Ra4 39. g4
Ra1+ 40. Kg2 Re7 41. h5 Ra2+ 42. Kg3 Ra3 43. Kf2 Ra2+ 44. Kg3 Ra3 45. Kh4 Ra1
46. Kg5 Rf1 47. Qh7 Ke8 48. Qc2 Kf8 49. Kg6 Kg8 50. Qc5 Rff7 51. Qd6 Re8 52. g5
Rfe7 53. h6 gxh6 54. gxh6 Rf7 55. Qc6 Rfe7 56. Qa4 Rf8 57. Qg4 Kh8 58. Qh4 Ref7
59. e4 dxe4 60. Qxe4 Rf5 61. h7 R5f7 62. Kh6 Rg7 63. Qc2 Rgf7 64. Qg6 Re7 65.
Qe4 Ref7 66. Qc2 Rg7 1/2-1/2

[Event "OBEM 2015"]
[Site "Germany , Bremen"]
[Date "2015.04.03"]
[Round "8.6"]
[White "Steingraeber, Kai Uwe"]
[Black "Bertram, Karsten"]
[Result "1-0"]
[WhiteElo "2203"]
[BlackElo "2133"]
[PlyCount "49"]
[EventDate "2015.??.??"]

1. e4 d5 2. exd5 Qxd5 3. Nc3 Qa5 4. d4 Nf6 5. Nf3 Bg4 6. h3 Bh5 7. g4 Bg6 8.
Ne5 c6 9. h4 Be4 10. Nc4 Qd8 11. Nxe4 Nxe4 12. Bg2 Nd6 13. Qe2 e6 14. Bf4 Nxc4
15. Qxc4 Bd6 16. Bd2 Nd7 17. O-O-O Qc7 18. Kb1 Nf6 19. g5 Nd5 20. Qa4 Nf4 21.
Bf3 Qb6 22. c4 Nd3 23. Qc2 Ba3 24. Bc3 Nf4 25. Qd2 1-0

[Event "OBEM 2015"]
[Site "Germany , Bremen"]
[Date "2015.04.03"]
[Round "8.7"]
[White "Ditmas, Hugh"]
[Black "Buescher, Andre"]
[Result "0-1"]
[WhiteElo "1893"]
[BlackElo "2076"]
[PlyCount "82"]
[EventDate "2015.??.??"]

1. d4 f5 2. Nf3 Nf6 3. c4 e6 4. Nc3 c6 5. e3 d5 6. Bd3 Bd6 7. O-O O-O 8. a3 Ne4
9. g3 Nd7 10. Qc2 Qe8 11. Kg2 Qh5 12. b4 g5 13. Ng1 Rf6 14. f3 Rh6 15. h4 Nxg3
16. Kf2 Qxh4 17. Ke1 Nxf1+ 18. Kxf1 Qh1 19. Qg2 Qxg2+ 20. Kxg2 Rh2+ 21. Kf1 Nf6
22. Ra2 Rxa2 23. Nxa2 h6 24. Nc3 Bd7 25. c5 Bc7 26. Kf2 e5 27. dxe5 Bxe5 28.
Nce2 a5 29. Bd2 Bb2 30. Bc1 Bxc1 31. Nxc1 axb4 32. axb4 Ra4 33. Nge2 Rxb4 34.
Nd4 f4 35. Nce2 fxe3+ 36. Kxe3 Nh5 37. Bf5 Nf6 38. Ng3 Rc4 39. Bxd7 Nxd7 40.
Ngf5 Kh7 41. Ne6 Nxc5 0-1

[Event "OBEM 2015"]
[Site "Germany , Bremen"]
[Date "2015.04.03"]
[Round "8.9"]
[White "Haerig, Wilfried"]
[Black "Boehning, Kilian"]
[Result "0-1"]
[WhiteElo "2045"]
[BlackElo "1914"]
[PlyCount "96"]
[EventDate "2015.??.??"]

1. e4 d5 2. exd5 Nf6 3. d4 Qxd5 4. Nc3 Qa5 5. Nf3 Bf5 6. Bd2 c6 7. Bc4 e6 8.
Nd5 Qd8 9. Nxf6+ Qxf6 10. c3 Be4 11. Ne5 Bd6 12. Qe2 Bg6 13. h4 h6 14. g4 Nd7
15. g5 hxg5 16. Bxg5 Qxg5 17. hxg5 Rxh1+ 18. Kd2 Rxa1 19. Nxg6 O-O-O 20. Ne5
Nxe5 21. dxe5 Bxe5+ 22. Kc2 Bf4 23. Qg4 Rd2+ 24. Kb3 Rxf2 25. Bxe6+ Kc7 26. Bc8
Kb8 27. Qd7 Bc7 28. Qe8 a5 29. Bf5+ Ka7 30. Qd7 Bb6 31. Be4 a4+ 32. Kxa4 Rf4
33. Kb3 Rxe4 34. Qxf7 Rg4 35. Qxg7 Rag1 36. a4 Rxg5 37. Qf7 R5g2 38. Qf5 Rf2
39. Qe5 Rgg2 40. a5 Rxb2+ 41. Kc4 Bg1 42. Qc7 Ra2 43. Qd8 Ra4+ 44. Kb3 Rga2 45.
Qg5 Ra1 46. c4 Rxa5 47. Qg4 Bc5 48. Qf5 R1a2 0-1

[Event "OBEM 2015"]
[Site "Germany , Bremen"]
[Date "2015.04.03"]
[Round "8.10"]
[White "Bokelmann, Joachim"]
[Black "Sommer, Andreas"]
[Result "1/2-1/2"]
[WhiteElo "2022"]
[BlackElo "1723"]
[PlyCount "49"]
[EventDate "2015.??.??"]

1. d4 d5 2. Bg5 h6 3. Bh4 c6 4. e3 Qb6 5. b3 Bf5 6. Bd3 Bxd3 7. Qxd3 Nd7 8. Bg3
Ngf6 9. h3 Ne4 10. Bh2 e6 11. f3 Nef6 12. Ne2 c5 13. c3 Bd6 14. Bxd6 Qxd6 15.
Nd2 O-O 16. f4 Nh7 17. O-O f5 18. Nf3 Nhf6 19. Ne5 Rac8 20. c4 Ne4 21. Rfd1
Ndf6 22. Rac1 Rfd8 23. Nc3 Nxc3 24. Rxc3 Ne4 25. Rc2 1/2-1/2

[Event "OBEM 2015"]
[Site "Germany , Bremen"]
[Date "2015.04.03"]
[Round "8.11"]
[White "Beinke, Lukas"]
[Black "Erofeev, Anastasia"]
[Result "1/2-1/2"]
[WhiteElo "1958"]
[BlackElo "1864"]
[PlyCount "59"]
[EventDate "2015.??.??"]

1. Nf3 d5 2. g3 Nf6 3. Bg2 g6 4. O-O Bg7 5. d3 O-O 6. Nbd2 Re8 7. e4 e5 8. exd5
Nxd5 {(=)} 9. Re1 Bg4 10. h3 Bxf3 11. Qxf3 c6 12. Ne4 Qc7 13. a3 Nd7 14. Rb1 f5
15. Nd2 Nc5 16. c4 Nf6 17. b4 e4 18. dxe4 Ncxe4 19. Nxe4 Nxe4 20. Bf4 Qf7 21.
c5 Bd4 22. Be3 Bxe3 23. Qxe3 Rad8 24. Bxe4 Rxe4 25. Qg5 Rd3 26. Rxe4 fxe4 27.
Re1 Qf3 28. Qe7 Rd2 29. Qe8+ Kg7 30. Qe7+ 1/2-1/2

[Event "OBEM 2015"]
[Site "Germany , Bremen"]
[Date "2015.04.03"]
[Round "8.12"]
[White "Wuttke, Manfred"]
[Black "Wessels, Stefan"]
[Result "0-1"]
[WhiteElo "1802"]
[BlackElo "1938"]
[PlyCount "98"]
[EventDate "2015.??.??"]

1. d4 Nf6 2. c4 e6 3. Nc3 Bb4 4. a3 Bxc3+ 5. bxc3 b6 6. f3 d5 7. Bg5 h6 8. Bh4
Nbd7 9. e3 O-O 10. Bd3 Bb7 11. Ne2 Rc8 12. O-O dxc4 13. Bxc4 c5 14. Ba2 Qc7 15.
Rc1 Rfd8 16. e4 Ba6 17. Bg3 Qb7 18. Re1 Nf8 19. Bf2 Ng6 20. Be3 Qe7 21. Qa4
Bxe2 22. Rxe2 cxd4 23. cxd4 Rxc1+ 24. Bxc1 Nh5 25. e5 Nhf4 26. Re4 Nd5 27. Bxd5
Rxd5 28. Rg4 Qd7 29. Qxd7 Rxd7 30. Re4 Ne7 31. Bb2 Rc7 32. Re2 Kf8 33. Kf2 Nd5
34. g3 a5 35. f4 b5 36. Kf3 b4 37. g4 bxa3 38. Bxa3+ Ke8 39. Bc5 Rc8 40. Rb2
Ra8 41. f5 a4 42. h4 Nc3 43. Ba3 g6 44. f6 Nd5 45. Ke4 Rc8 46. Bc5 a3 47. Rb3
a2 48. Ra3 Rb8 49. Kd3 Rb3+ 0-1

[Event "OBEM 2015"]
[Site "Germany , Bremen"]
[Date "2015.04.03"]
[Round "8.13"]
[White "Lai Hop, Long"]
[Black "Mueller, Wolfgang"]
[Result "0-1"]
[WhiteElo "1796"]
[BlackElo "2025"]
[PlyCount "24"]
[EventDate "2015.??.??"]

1. d4 d5 2. c4 e5 3. cxd5 Qxd5 4. dxe5 Qxd1+ 5. Kxd1 Nc6 6. Nc3 Be6 7. Nf3
O-O-O+ 8. Kc2 f6 9. exf6 Nxf6 10. h3 Nb4+ 11. Kb1 Bf5+ 12. e4 Nxe4 0-1